Sociología de la literatura
Enregistré dans:
| Auteur principal: | |
|---|---|
| Format: | Livre |
| Langue: | Undetermined |
| Publié: |
Barcelona, España
Península
1968
|
| Édition: | 2 |
| Sujets: | |
| Tags: |
Ajouter un tag
Pas de tags, Soyez le premier à ajouter un tag!
|
MARC
| LEADER | 00000nam a2200000Ia 4500 | ||
|---|---|---|---|
| 008 | 170316s9999 xx 000 0 und d | ||
| 090 | |a 801 L-22so | ||
| 100 | |a Lukács, György | ||
| 245 | |a Sociología de la literatura | ||
| 250 | |a 2 | ||
| 260 | |a Barcelona, España | ||
| 260 | |b Península | ||
| 260 | |c 1968 | ||
| 300 | |a 505 páginas | ||
| 650 | |a TEORÍA LITERARIA | ||
| 650 | |a LITERATURA-HISTORIA | ||
| 650 | |a LITERTURA | ||
| 650 | |a SOCIEDAD | ||
| 650 | |a SOCIOLOGÍA | ||
| 650 | |a MARXISMO LITERARIO | ||
| 650 | |a ESTÉTICA DEL CINE | ||
| 650 | |a NOVELA HISTÓRICA | ||
| 999 | |c 20428 |d 20428 | ||
| 040 | |a cru BVZT | ||
| 942 | |c 15 D |h 801 L-22so |2 z | ||
